[Event "C.to Regionale Lombardia"]
[Site "Saronno ITA"]
[Date "2013.05.24"]
[Round "1"]
[White "Bernasconi, Roberto"]
[Black "Olivieri, Michelangelo"]
[WhiteElo "1944"]
[BlackElo "1605"]
[Result "1-0"]
[PlyCount "45"]
[EventDate "2013.05.24"]

1. e4 e6 2. d4 d5 3. Nd2 Nf6 4. e5 Nfd7 5. Bd3 c5 6. c3 Nc6 7. Ne2 cxd4 8. cxd4
f6 9. exf6 Nxf6 10. Nf3 Bd6 11. O-O O-O 12. Bg5 Qb6 13. a4 Ne4 14. Bc1 Qc7 15.
Nc3 Rxf3 16. gxf3 Bxh2+ 17. Kh1 Qe7 18. Kxh2 Qh4+ 19. Kg2 e5 20. fxe4 Qh3+ 21.
Kg1 Nxd4 22. Be2 Nxe2+ 23. Qxe2 1-0

[Event "C.to Regionale Lombardia"]
[Site "Saronno ITA"]
[Date "2013.05.24"]
[Round "1"]
[White "Biava, Pierluigi"]
[Black "Berni, Fabrizio"]
[WhiteElo "1649"]
[BlackElo "2117"]
[Result "0-1"]
[PlyCount "52"]
[EventDate "2013.05.24"]

1. e4 c5 2. Nf3 e6 3. d4 cxd4 4. Nxd4 a6 5. Nc3 Qc7 6. Bd3 Bd6 7. h3 Nf6 8. Bg5
Nc6 9. Nce2 Be7 10. f4 h6 11. Bxf6 Bxf6 12. e5 Bh4+ 13. Kd2 d6 14. Nf3 Be7 15.
c3 dxe5 16. fxe5 Nxe5 17. Ned4 Nxd3 18. Kxd3 e5 19. Nb3 Bf5+ 20. Ke2 Rd8 21.
Qe1 Bd3+ 22. Kf2 e4 23. Nbd4 exf3 24. Qxe7+ Kxe7 25. Rhe1+ Kf8 26. gxf3 Re8 0-1

[Event "C.to Regionale Lombardia"]
[Site "Saronno ITA"]
[Date "2013.05.24"]
[Round "1"]
[White "Botta, Massimiliano"]
[Black "Motola, Jacopo"]
[WhiteElo "1622"]
[BlackElo "2029"]
[Result "0-1"]
[PlyCount "78"]
[EventDate "2013.05.24"]

1. c4 f5 2. Nc3 Nf6 3. g3 c6 4. Bg2 e5 5. e3 d6 6. Nge2 Be6 7. b3 Be7 8. d4 Qc7
9. Bb2 O-O 10. O-O Nbd7 11. Rc1 Bf7 12. d5 Rac8 13. Qd2 Kh8 14. Rfd1 Qa5 15. a3
Nb6 16. Qd3 e4 17. Qd2 cxd5 18. b4 Qa6 19. cxd5 Nc4 20. Qc2 Nxa3 21. Bxa3 Qxa3
22. Qb1 Rc4 23. b5 Rb4 24. Qa1 Qxa1 25. Rxa1 Ra8 26. Nf4 a5 27. Rdc1 a4 28. Bf1
h6 29. Na2 Rb2 30. Rc7 Nxd5 31. Nxd5 Bxd5 32. Nc3 Bd8 33. Nxd5 Bxc7 34. Nxc7
Ra5 35. Ne8 a3 36. Bc4 a2 37. Kg2 d5 38. Bxd5 Rbxb5 39. Nc7 Rc5 0-1

[Event "C.to Regionale Lombardia"]
[Site "Saronno ITA"]
[Date "2013.05.24"]
[Round "1"]
[White "Brioschi, Camillo"]
[Black "Aldeghi, Damiano"]
[WhiteElo "1756"]
[BlackElo "1441"]
[Result "1/2-1/2"]
[PlyCount "71"]
[EventDate "2013.05.24"]

1. d4 d5 2. c4 e6 3. Nc3 Nf6 4. cxd5 Nxd5 5. e4 Nxc3 6. bxc3 Nc6 7. Nf3 h6 8.
Bd3 Be7 9. O-O O-O 10. Qe2 a6 11. Rd1 b5 12. e5 Qd5 13. Be4 Qd7 14. d5 exd5 15.
Bxd5 Qe8 16. Qe4 Bb7 17. Nd4 Rd8 18. Bxh6 Qd7 19. Bxc6 Bxc6 20. Qf4 gxh6 21.
Qxh6 Be4 22. Re1 Bg6 23. e6 Qd5 24. exf7+ Qxf7 25. Ne6 Qxf2+ 26. Kh1 Qf6 27.
Nxd8 Bxd8 28. Qe3 Re8 29. Qg3 Rxe1+ 30. Rxe1 c5 31. h4 Kh7 32. h5 Bxh5 33. Re5
Qf1+ 34. Kh2 Qf7 35. Qd3+ Kh6 36. Qd2+ 1/2-1/2

[Event "C.to Regionale Lombardia"]
[Site "Saronno ITA"]
[Date "2013.05.24"]
[Round "1"]
[White "Cagnotto, Marco"]
[Black "Revinelli, Sergio"]
[WhiteElo "1487"]
[BlackElo "1827"]
[Result "0-1"]
[PlyCount "28"]
[EventDate "2013.05.24"]

1. e4 e5 2. Nf3 Nc6 3. d4 exd4 4. Nxd4 Bc5 5. Be3 Qf6 6. c3 Nge7 7. Bc4 Ne5 8.
O-O Nxc4 9. Qe2 Nxe3 10. fxe3 Qg6 11. Qc4 d6 12. Nd2 O-O 13. Rf3 Be6 14. Qe2
Bg4 0-1

[Event "C.to Regionale Lombardia"]
[Site "Saronno ITA"]
[Date "2013.05.24"]
[Round "1"]
[White "Canciani, Alberto"]
[Black "Tagliaferri, Valerio"]
[WhiteElo "1576"]
[BlackElo "1849"]
[Result "0-1"]
[PlyCount "54"]
[EventDate "2013.05.24"]

1. e4 e6 2. Nf3 d5 3. e5 c5 4. c3 Nc6 5. Be2 Nge7 6. O-O Qb6 7. d4 cxd4 8. cxd4
Nf5 9. b3 Nfxd4 10. Be3 Bc5 11. Nxd4 Bxd4 12. Bxd4 Qxd4 13. Qxd4 Nxd4 14. Bd3
Bd7 15. Nd2 Rc8 16. Rac1 Ke7 17. f4 Bb5 18. Rxc8 Rxc8 19. Bxb5 Nxb5 20. a4 Nd4
21. b4 Rc2 22. Nf3 Ne2+ 23. Kh1 Rc4 24. g3 Rxb4 25. Re1 Nc3 26. Rc1 Rb1 27.
Rxb1 Nxb1 0-1

[Event "C.to Regionale Lombardia"]
[Site "Saronno ITA"]
[Date "2013.05.24"]
[Round "1"]
[White "Carbone, Lorenzo"]
[Black "Guzzetti, Luigi Enrico"]
[WhiteElo "1595"]
[BlackElo "1891"]
[Result "1/2-1/2"]
[PlyCount "66"]
[EventDate "2013.05.24"]

1. e4 c5 2. Nf3 e6 3. d4 cxd4 4. Nxd4 a6 5. Nc3 Qc7 6. Be2 Nf6 7. O-O Nc6 8.
Nb3 Be7 9. Be3 O-O 10. Kh1 b5 11. a3 d6 12. f4 Bb7 13. Qe1 Rac8 14. h3 Nd7 15.
Qf2 Na5 16. Nxa5 Qxa5 17. Rad1 Qc7 18. Qg3 Bf6 19. Rd3 Nc5 20. Bxc5 Qxc5 21.
Bf3 Be7 22. Bg4 b4 23. axb4 Qxb4 24. Bf3 Rc7 25. Rb1 Rfc8 26. Qe1 Bf6 27. e5
dxe5 28. fxe5 Bh4 29. Qd2 a5 30. Rd4 Qb6 31. Bxb7 Qxb7 32. Rd1 h6 33. Rxh4 Qxb2
1/2-1/2

[Event "C.to Regionale Lombardia"]
[Site "Saronno ITA"]
[Date "2013.05.24"]
[Round "1"]
[White "Ceccarini, Marco"]
[Black "Longo, Giovanni"]
[WhiteElo "2074"]
[BlackElo "1634"]
[Result "1-0"]
[PlyCount "69"]
[EventDate "2013.05.24"]

1. e4 c6 2. d4 d5 3. e5 Bf5 4. Nf3 e6 5. Be2 c5 6. Be3 c4 7. O-O Be7 8. b3 b5
9. a4 Qb6 10. axb5 cxb3 11. cxb3 Bb4 12. Bd2 Bxd2 13. Qxd2 Ne7 14. Nc3 O-O 15.
Na4 Qb7 16. Nc5 Qb6 17. Qa5 Qxa5 18. Rxa5 Bg4 19. h3 Bxf3 20. Bxf3 Nf5 21. Rd1
Rc8 22. b4 a6 23. b6 Rc6 24. b7 Ra7 25. b5 Rb6 26. Be2 Ne7 27. Rc1 g6 28. bxa6
Kg7 29. Na4 Rc6 30. Rac5 Rxc5 31. Rxc5 Nec6 32. Nb6 Nxd4 33. Bf1 Nxa6 34. Bxa6
Rxa6 35. b8=Q 1-0

[Event "C.to Regionale Lombardia"]
[Site "Saronno ITA"]
[Date "2013.05.24"]
[Round "1"]
[White "Cervini, Gian Piero"]
[Black "Pozzi, Luca"]
[WhiteElo "1776"]
[BlackElo "1467"]
[Result "0-1"]
[PlyCount "52"]
[EventDate "2013.05.24"]

1. e4 c5 2. c3 g6 3. d4 cxd4 4. cxd4 d5 5. e5 Bg7 6. Nf3 Bg4 7. h3 Bxf3 8. Qxf3
Nc6 9. Be3 Nh6 10. Nc3 Nf5 11. Rd1 Nxe3 12. fxe3 e6 13. Bd3 O-O 14. O-O a6 15.
Qg3 Ne7 16. Rf4 Nf5 17. Bxf5 exf5 18. Qf3 Bh6 19. Rh4 Qxh4 20. Nxd5 b5 21. Nf6+
Kg7 22. d5 Rad8 23. d6 Bg5 24. Nd5 Rfe8 25. e6 Rxe6 26. Ne7 Rexd6 0-1

[Event "C.to Regionale Lombardia"]
[Site "Saronno ITA"]
[Date "2013.05.24"]
[Round "1"]
[White "D'Avino, Gianfranco"]
[Black "Ruggeri, Igor"]
[WhiteElo "1851"]
[BlackElo "1578"]
[Result "1/2-1/2"]
[PlyCount "150"]
[EventDate "2013.05.24"]

1. d4 d5 2. c4 e6 3. Nc3 Nf6 4. cxd5 exd5 5. Bg5 Be7 6. Qc2 O-O 7. e3 Nbd7 8.
Bd3 h6 9. Bh4 c5 10. Nf3 Nb6 11. Bxf6 Bxf6 12. dxc5 Bxc3+ 13. Qxc3 Na4 14. Qb4
Bd7 15. Bc2 a5 16. Qd4 Nxc5 17. Qxc5 Rc8 18. Qxd5 Rxc2 19. Rd1 Rc7 20. Qxa5 Qc8
21. O-O Bg4 22. Qd5 Be6 23. Qe4 Bxa2 24. Nd4 Re8 25. Qf3 Be6 26. Qg3 Bg4 27.
Nb5 Bxd1 28. Nxc7 Rd8 29. Re1 Rd2 30. Qe5 Qd7 31. Nb5 Ba4 32. Nc3 Bc6 33. b4
Qg4 34. e4 Qh4 35. Rf1 Qd8 36. b5 Bd7 37. Nb1 Rd3 38. Qc5 Be6 39. Qc2 Bb3 40.
Qb2 Qd4 41. Qxd4 Rxd4 42. Re1 Rd1 43. Rxd1 Bxd1 44. Kf1 Bc2 45. Nc3 Kf8 46. Ke2
Bb3 47. Kd3 Ke7 48. Kd4 Kd6 49. f4 f6 50. Ne2 Bf7 51. Ng3 g6 52. e5+ Ke7 53.
exf6+ Kxf6 54. Ne4+ Ke6 55. Nc5+ Kd6 56. Nxb7+ Kc7 57. Nc5 Kb6 58. Ne4 Be6 59.
Ke5 Bc4 60. Kf6 Bxb5 61. Kxg6 Bd3 62. Kxh6 Bxe4 63. g4 Kc7 64. h4 Kd7 65. Kg7
Bf3 66. g5 Ke6 67. Kh6 Kf5 68. h5 Kxf4 69. g6 Kg4 70. g7 Bd5 71. Kg6 Be4+ 72.
Kf6 Bh7 73. h6 Kh5 74. g8=Q Bxg8 75. Kg7 Kg5 1/2-1/2

[Event "C.to Regionale Lombardia"]
[Site "Saronno ITA"]
[Date "2013.05.24"]
[Round "1"]
[White "Damia, Angelo"]
[Black "Prevedello, Daniele"]
[WhiteElo "2240"]
[BlackElo "1713"]
[Result "1-0"]
[PlyCount "107"]
[EventDate "2013.05.24"]

1. e4 c6 2. d4 d5 3. exd5 cxd5 4. Bd3 Nc6 5. c3 Nf6 6. Ne2 Bg4 7. f3 Bh5 8. Bg5
Bg6 9. Bxg6 hxg6 10. Qb3 Qd7 11. Na3 e6 12. O-O Na5 13. Qb5 Qxb5 14. Nxb5 Kd7
15. a4 a6 16. Na3 Nb3 17. Ra2 Bd6 18. Bf4 Bxf4 19. Nxf4 b5 20. Nd3 Ne8 21. Nb1
Nd6 22. Ra3 Na5 23. Ne5+ Kc7 24. Nd2 Nac4 25. Ndxc4 bxc4 26. b4 cxb3 27. Rxb3
Rhb8 28. Rfb1 Rxb3 29. Rxb3 Rb8 30. Rb4 a5 31. Rxb8 Kxb8 32. Nc6+ Kc7 33. Nxa5
Kb6 34. Nb3 Nc4 35. Kf2 Nb2 36. a5+ Kb5 37. Nc5 Nd1+ 38. Ke2 Nxc3+ 39. Ke3 Kxa5
40. Nb7+ Kb4 41. Nd6 f5 42. Ne8 Kc4 43. Nxg7 e5 44. dxe5 d4+ 45. Kd2 Kd5 46. e6
Kd6 47. h4 Nd5 48. g3 Ke7 49. Kd3 Nc3 50. h5 gxh5 51. Nxf5+ Ke8 52. Kxd4 Ne2+
53. Ke3 Nxg3 54. Nxg3 1-0

[Event "C.to Regionale Lombardia"]
[Site "Saronno ITA"]
[Date "2013.05.24"]
[Round "1"]
[White "Fantina, Carla"]
[Black "Mazzoccoli, Simone"]
[WhiteElo "1431"]
[BlackElo "1753"]
[Result "0-1"]
[PlyCount "128"]
[EventDate "2013.05.24"]

1. c4 g6 2. Nc3 Bg7 3. e4 d6 4. d3 Nf6 5. Nge2 O-O 6. g3 Nbd7 7. Bg2 a5 8. O-O
e5 9. Qc2 Nc5 10. h3 Be6 11. Kh2 c6 12. Be3 Nfd7 13. Na4 Nxa4 14. Qxa4 Qc7 15.
Rac1 Rfb8 16. Qc2 a4 17. Qd2 Qa5 18. Qxa5 Rxa5 19. b4 axb3 20. axb3 Ra3 21. Rb1
Nc5 22. Bxc5 dxc5 23. f4 Rd8 24. f5 Bc8 25. Rf3 Bh6 26. Nc3 Bd2 27. Na4 Bb4 28.
Nb6 Ra2 29. Nxc8 Rxc8 30. Rbf1 Rc7 31. fxg6 hxg6 32. R3f2 Ra3 33. Rb1 Rd7 34.
Rf3 Ra2 35. Kh1 Rd2 36. Bf1 Kg7 37. h4 Rd8 38. Ra1 Rb2 39. Ra7 Rd7 40. Bh3 Rc7
41. Bg4 Rxb3 42. h5 Re7 43. Ra2 Ra3 44. Rh2 Ra1+ 45. Kg2 Ra2+ 46. Rf2 Rxf2+ 47.
Kxf2 Bc3 48. h6+ Kh7 49. Ke2 b5 50. cxb5 cxb5 51. Kd1 Ra7 52. Rh3 b4 53. Kc2
Ra2+ 54. Kb3 Rb2+ 55. Kc4 Bd4 56. Bd1 Rb1 57. Bb3 Rc1+ 58. Kd5 Rc3 59. Ba4 b3
60. Rh1 b2 61. g4 Rc1 62. Rh2 b1=Q 63. Be8 Qb3+ 64. Kd6 Qe6+ 0-1

[Event "C.to Regionale Lombardia"]
[Site "Saronno ITA"]
[Date "2013.05.24"]
[Round "1"]
[White "Genocchio, Daniele"]
[Black "Pino, Nicola"]
[WhiteElo "2415"]
[BlackElo "1742"]
[Result "1-0"]
[PlyCount "60"]
[EventDate "2013.05.24"]

1. e4 c5 2. c3 Nc6 3. d4 cxd4 4. cxd4 d6 5. Nf3 Nf6 6. Nc3 e6 7. Bd3 Be7 8. O-O
O-O 9. Qe2 a6 10. Rd1 b5 11. e5 Ne8 12. Qe4 f5 13. Qxc6 Rb8 14. exd6 Bxd6 15.
Ne5 Rb6 16. Qf3 Bb7 17. Qe2 Bb8 18. Bc2 Nf6 19. a3 Nd5 20. Bb3 h6 21. Nxd5 Bxd5
22. Bxd5 Qxd5 23. Nf3 Rf6 24. Bd2 Rg6 25. h3 Bd6 26. Bb4 Bxb4 27. axb4 Rd6 28.
Rac1 Qb7 29. Rc5 Kh7 30. Qe3 Rd8 1-0

[Event "C.to Regionale Lombardia"]
[Site "Saronno ITA"]
[Date "2013.05.24"]
[Round "1"]
[White "Megna, Giuseppe"]
[Black "Puppi, Simone"]
[WhiteElo "1846"]
[BlackElo "1559"]
[Result "1-0"]
[PlyCount "93"]
[EventDate "2013.05.24"]

1. d4 Nf6 2. c4 g6 3. Nc3 Bg7 4. e4 d6 5. Be3 O-O 6. f3 Nbd7 7. Qd2 c5 8. Nge2
cxd4 9. Nxd4 Ne5 10. a4 a6 11. Be2 Bd7 12. O-O Rc8 13. b3 Nc6 14. Nxc6 Bxc6 15.
a5 Nd7 16. b4 Nb8 17. Rab1 Bd7 18. Nd5 Qe8 19. Nb6 Rd8 20. b5 Be6 21. Nd5 Bxd5
22. cxd5 e6 23. Rfc1 Rc8 24. Rxc8 Qxc8 25. Rc1 Qd7 26. dxe6 fxe6 27. Qc2 d5 28.
exd5 exd5 29. Qb3 Kh8 30. Bf2 Re8 31. Bd3 axb5 32. Qxb5 Nc6 33. Qb6 Ne5 34. Bb5
Rc8 35. Re1 Nc6 36. h3 Bc3 37. Rd1 Bxa5 38. Qc5 Rd8 39. Bxc6 bxc6 40. Bd4+ Kg8
41. Qxa5 Rc8 42. Qc5 Re8 43. Ra1 Re7 44. Bc3 Re8 45. Ra7 Qe6 46. Rg7+ Kh8 47.
Rxg6+ 1-0

[Event "C.to Regionale Lombardia"]
[Site "Saronno ITA"]
[Date "2013.05.24"]
[Round "1"]
[White "Rettore, Ludwig"]
[Black "Nordio, Giorgio"]
[WhiteElo "2120"]
[BlackElo "1668"]
[Result "1-0"]
[PlyCount "101"]
[EventDate "2013.05.24"]

1. d4 c6 2. Nf3 d5 3. e3 Nf6 4. Bd3 Bg4 5. h3 Bh5 6. c4 e6 7. Qb3 Qc7 8. Nc3
Nbd7 9. Bd2 Be7 10. Rc1 Qb6 11. Qc2 Bg6 12. Bxg6 hxg6 13. O-O Bb4 14. cxd5 exd5
15. Na4 Qa5 16. Bxb4 Qxb4 17. Nc3 Qe7 18. b4 a6 19. a4 O-O 20. b5 Rfc8 21. Qb3
axb5 22. axb5 Qa3 23. Qxa3 Rxa3 24. bxc6 Rxc6 25. Ne2 Raa6 26. Nf4 Rxc1 27.
Rxc1 Rc6 28. Rb1 Rb6 29. Ra1 Ra6 30. Rc1 Rc6 31. Rb1 Rb6 32. Rd1 Kf8 33. Ne5
Ke7 34. h4 Rd6 35. Rc1 Nh5 36. Nfd3 Ke6 37. Rc7 b6 38. g4 Nhf6 39. Nf4+ Ke7 40.
Nc6+ Kf8 41. Rc8+ Ne8 42. g5 b5 43. Nb4 Nb6 44. Rc5 Ke7 45. Rxb5 Nc7 46. Rxb6
Rxb6 47. Nbxd5+ Kd6 48. Nxb6 Kc6 49. Nc4 Ne6 50. Nxe6 fxe6 51. Ne5+ 1-0

[Event "C.to Regionale Lombardia"]
[Site "Saronno ITA"]
[Date "2013.05.24"]
[Round "1"]
[White "Romagnoli, Thomas"]
[Black "Lapiccirella, Daniele"]
[WhiteElo "1693"]
[BlackElo "2211"]
[Result "0-1"]
[PlyCount "96"]
[EventDate "2013.05.24"]

1. e4 c5 2. Nf3 e6 3. d4 cxd4 4. Nxd4 Nc6 5. Nc3 a6 6. Be3 Qc7 7. Be2 b5 8. a3
Bb7 9. Qd2 Nf6 10. f3 Rc8 11. Nb3 Ne5 12. Rd1 Be7 13. Bd4 O-O 14. g4 Nc4 15.
Bxc4 bxc4 16. Na1 e5 17. Bf2 d5 18. g5 d4 19. gxf6 dxc3 20. Qxc3 Bxf6 21. Rg1
g6 22. Bg3 Bg7 23. Rg2 f5 24. Rgd2 Rf7 25. exf5 gxf5 26. Rg2 Kh8 27. Rgd2 Re8
28. Bf2 e4 29. Bd4 exf3+ 30. Kf1 Qe7 31. Qxc4 Rc8 32. Qd3 Qg5 33. Nb3 Qh5 34.
Qe3 Qh3+ 35. Kg1 Bxd4 36. Qxd4+ Rg7+ 37. Kf2 Qxh2+ 38. Kf1 Qh3+ 39. Kf2 Re8 40.
Rg1 Qh2+ 41. Kf1 Qh3+ 42. Kf2 Re2+ 43. Rxe2 Qh2+ 44. Ke3 Qxe2+ 45. Kf4 Qh2+ 46.
Kxf5 Qxg1 47. Qd8+ Rg8 48. Qf6+ Qg7 0-1

[Event "C.to Regionale Lombardia"]
[Site "Saronno ITA"]
[Date "2013.05.24"]
[Round "1"]
[White "Ronconi, Fausto"]
[Black "Moroni, Luca Jr"]
[WhiteElo "1674"]
[BlackElo "2184"]
[Result "0-1"]
[PlyCount "84"]
[EventDate "2013.05.24"]

1. d4 d5 2. c4 e6 3. Nc3 c6 4. e3 Nf6 5. Nf3 Nbd7 6. cxd5 exd5 7. Be2 Bd6 8.
O-O O-O 9. Bd3 Re8 10. Re1 Ne4 11. Qc2 Ndf6 12. Nd2 Qe7 13. Ncxe4 dxe4 14. Be2
Bf5 15. h3 Nd5 16. a3 a5 17. Bc4 Nf6 18. Nf1 Rac8 19. Bd2 b5 20. Be2 a4 21.
Rac1 Nd5 22. Qd1 Qg5 23. Bg4 h5 24. Bxf5 Qxf5 25. f4 exf3 26. Qxf3 Qxf3 27.
gxf3 Nb6 28. e4 Nc4 29. Bc3 Bf4 30. Rc2 Rcd8 31. Rg2 g6 32. Rd1 Rd7 33. Bb4
Red8 34. Bc3 Be3+ 35. Kh1 Bxd4 36. Bxd4 Rxd4 37. Rxd4 Rxd4 38. Ng3 Kf8 39. Ne2
Rd2 40. Kg1 Rxb2 41. Nd4 Rb1+ 42. Kh2 c5 0-1

[Event "C.to Regionale Lombardia"]
[Site "Saronno ITA"]
[Date "2013.05.24"]
[Round "1"]
[White "Sorcinelli, Francesco"]
[Black "Scovazzi, Tullio"]
[WhiteElo "2198"]
[BlackElo "1679"]
[Result "1-0"]
[PlyCount "57"]
[EventDate "2013.05.24"]

1. e4 e5 2. f4 exf4 3. Bc4 d5 4. Bxd5 Nf6 5. Nf3 Nxd5 6. exd5 Bd6 7. Qe2+ Qe7
8. Qxe7+ Kxe7 9. O-O Re8 10. d4 f6 11. c4 b6 12. b4 Bxb4 13. Bxf4 Bd6 14. Bxd6+
Kxd6 15. Nc3 Ba6 16. Nd2 Nd7 17. Nce4+ Ke7 18. d6+ cxd6 19. Rae1 Kf8 20. Nxd6
Re7 21. N2e4 Rd8 22. Rf3 Nb8 23. Rfe3 Nc6 24. Nf5 Red7 25. d5 Ne5 26. Nd4 Nxc4
27. Ne6+ Kg8 28. Rg3 Rc8 29. Nxf6+ 1-0

[Event "C.to Regionale Lombardia"]
[Site "Saronno ITA"]
[Date "2013.05.24"]
[Round "1"]
[White "Squillante, Michele"]
[Black "Sbarra, Marco"]
[WhiteElo "1739"]
[BlackElo "2263"]
[Result "0-1"]
[PlyCount "58"]
[EventDate "2013.05.24"]

1. d4 Nf6 2. Nf3 d5 3. Bg5 e6 4. Nbd2 Nbd7 5. e3 c5 6. c3 h6 7. Bh4 g5 8. Bg3
Nh5 9. Bd3 Qb6 10. Rb1 Nxg3 11. hxg3 Bg7 12. O-O O-O 13. Re1 Qc7 14. Rc1 c4 15.
Bb1 f5 16. Qc2 Rf7 17. a4 a6 18. b3 b5 19. Ba2 Nf8 20. Rb1 Bd7 21. bxc4 bxc4
22. Rb2 g4 23. Nh2 h5 24. Nhf1 Bf6 25. f3 Rg7 26. e4 gxf3 27. e5 Be7 28. Nxf3
Ba3 29. Rbb1 Qa5 0-1

[Event "C.to Regionale Lombardia"]
[Site "Saronno ITA"]
[Date "2013.05.24"]
[Round "1"]
[White "Vignati, Andrea"]
[Black "Poletto, Daniele"]
[WhiteElo "1454"]
[BlackElo "1766"]
[Result "0-1"]
[PlyCount "100"]
[EventDate "2013.05.24"]

1. e4 c5 2. Nf3 e6 3. Nc3 a6 4. a4 Qc7 5. Bc4 Nc6 6. O-O Nf6 7. Re1 d6 8. d4
cxd4 9. Nxd4 Be7 10. Be3 Ne5 11. Bb3 Nc4 12. Bxc4 Qxc4 13. Qd3 Qxd3 14. cxd3
Bd7 15. b4 O-O 16. b5 Rfc8 17. Rec1 Ng4 18. Bd2 Ne5 19. bxa6 bxa6 20. Nce2 Nxd3
21. Rc3 Rxc3 22. Nxc3 Rb8 23. a5 h6 24. Rd1 Ne5 25. f3 Nc4 26. Nce2 Bd8 27. Be1
Nxa5 28. Ra1 Nc6 29. Rxa6 Nxd4 30. Nxd4 Bb6 31. Bf2 Bc5 32. h3 Rb1+ 33. Kh2 e5
34. Ne2 Bxf2 35. Rxd6 Be6 36. Nc3 Rb3 37. Nd5 Bxd5 38. Rxd5 f6 39. Rd8+ Kf7 40.
Rd7+ Kg6 41. Rd2 Bd4 42. Kg3 h5 43. Kh4 Rb2 44. Rxb2 Bxb2 45. g4 hxg4 46. hxg4
Bc1 47. Kg3 Kg5 48. Kg2 Kf4 49. Kf2 Bb2 50. Kg2 Bd4 0-1

[Event "C.to Regionale Lombardia"]
[Site "Saronno ITA"]
[Date "2013.05.25"]
[Round "2"]
[White "Aldeghi, Damiano"]
[Black "D'Avino, Gianfranco"]
[WhiteElo "1441"]
[BlackElo "1851"]
[Result "0-1"]
[PlyCount "60"]
[EventDate "2013.05.24"]

1. e4 c5 2. Nf3 e6 3. Bc4 d6 4. d4 cxd4 5. Qxd4 a6 6. a4 Nc6 7. Qd3 Nf6 8. Bg5
Be7 9. Nc3 O-O 10. Rd1 Qa5 11. O-O Rd8 12. Bb3 Qc7 13. Rfe1 b6 14. Qc4 Bb7 15.
Nd4 Qd7 16. Re3 Ng4 17. Nxc6 Bxc6 18. Bxe7 Nxe3 19. fxe3 b5 20. Qc5 dxc5 21.
Rxd7 Rxd7 22. Bxc5 bxa4 23. Ba2 Rd2 24. Bb1 Rad8 25. Bd4 Bxe4 26. Nxe4 Rd1+ 27.
Kf2 Rxb1 28. Nc5 Rxd4 29. exd4 Rxb2 30. Nxa4 Rxc2+ 0-1

[Event "C.to Regionale Lombardia"]
[Site "Saronno ITA"]
[Date "2013.05.25"]
[Round "2"]
[White "Berni, Fabrizio"]
[Black "Ceccarini, Marco"]
[WhiteElo "2117"]
[BlackElo "2074"]
[Result "1-0"]
[PlyCount "105"]
[EventDate "2013.05.24"]

1. c4 f5 2. g3 Nf6 3. Nc3 g6 4. Bg2 Bg7 5. d3 Nc6 6. e4 d6 7. Nge2 O-O 8. O-O
e5 9. f3 Be6 10. b3 Nd4 11. Nxd4 exd4 12. Ne2 c5 13. Bh3 Nh5 14. exf5 Bxf5 15.
Bxf5 gxf5 16. Nf4 Nxf4 17. Bxf4 Be5 18. Qd2 Re8 19. Rae1 Qf6 20. Bg5 Qf7 21.
Re2 Bf6 22. Rfe1 Be5 23. f4 Bg7 24. Re7 Qh5 25. Rxb7 Re3 26. Re7 Re8 27. Rxe8+
Qxe8 28. Rxe3 dxe3 29. Qe2 Bd4 30. Kg2 Qe6 31. Kf1 d5 32. Qf3 dxc4 33. dxc4 Kg7
34. Qb7+ Kg6 35. Ke2 a6 36. Bd8 Qd6 37. Qb6 Qxb6 38. Bxb6 h5 39. b4 Bc3 40.
Bxc5 Kf7 41. Kxe3 Ke6 42. Kd3 Be1 43. a3 h4 44. gxh4 Bxh4 45. a4 Bd8 46. b5
axb5 47. axb5 Bc7 48. Ke3 Bd8 49. Bd4 Kd6 50. Kd3 Bh4 51. c5+ Kd5 52. c6 Bd8
53. h4 1-0

[Event "C.to Regionale Lombardia"]
[Site "Saronno ITA"]
[Date "2013.05.25"]
[Round "2"]
[White "Burani, Eugenio"]
[Black "Botta, Massimiliano"]
[WhiteElo "1876"]
[BlackElo "1622"]
[Result "1-0"]
[PlyCount "51"]
[EventDate "2013.05.24"]

1. e4 c5 2. Nf3 d6 3. d4 cxd4 4. Nxd4 Nf6 5. Nc3 g6 6. Be2 Bg7 7. O-O O-O 8.
Be3 Nc6 9. h3 Bd7 10. Qd2 Rc8 11. Rad1 Ne5 12. b3 Qa5 13. Nd5 Qxd2 14. Nxe7+
Kh8 15. Bxd2 Rce8 16. Nd5 Nxe4 17. Bb4 Nc5 18. Nb5 Nc6 19. Nxd6 Nxb4 20. Nxe8
Nxd5 21. Rxd5 Rxe8 22. Rxc5 Rxe2 23. Rd1 Bc6 24. Rd8+ Re8 25. Rxe8+ Bxe8 26.
Rc8 1-0

[Event "C.to Regionale Lombardia"]
[Site "Saronno ITA"]
[Date "2013.05.25"]
[Round "2"]
[White "Cervini, Gian Piero"]
[Black "Squillante, Michele"]
[WhiteElo "1776"]
[BlackElo "1739"]
[Result "1-0"]
[PlyCount "95"]
[EventDate "2013.05.24"]

1. e4 c6 2. d4 d5 3. exd5 cxd5 4. c4 Nf6 5. c5 Nc6 6. Nf3 Bg4 7. Be2 e6 8. a3
Be7 9. b4 a6 10. Nc3 O-O 11. Bf4 Nh5 12. Qd2 Nxf4 13. Qxf4 Bh5 14. O-O Qb8 15.
Qxb8 Rfxb8 16. Ne5 Bxe2 17. Nxe2 Bf6 18. Nd7 Rd8 19. Nxf6+ gxf6 20. f4 Kh8 21.
Rf3 Rg8 22. Rb1 Rg7 23. b5 axb5 24. Rxb5 Ra7 25. Rfb3 Nd8 26. Nc3 Rg8 27. a4
Re8 28. a5 Re7 29. Ne2 Nc6 30. Ra3 e5 31. fxe5 fxe5 32. dxe5 Rxe5 33. Kf2 Re4
34. a6 Rxe2+ 35. Kf1 Re7 36. Rb6 Kg8 37. Rd3 Rd7 38. axb7 Raxb7 39. Rxc6 Rbc7
40. Rxc7 Rxc7 41. Rxd5 Kf8 42. Ke2 Ke7 43. Ke3 Ke6 44. Kd4 f5 45. Rd6+ Ke7 46.
Rh6 Kf8 47. Rf6+ Kg7 48. Rxf5 1-0

[Event "C.to Regionale Lombardia"]
[Site "Saronno ITA"]
[Date "2013.05.25"]
[Round "2"]
[White "Guzzetti, Luigi Enrico"]
[Black "Brioschi, Camillo"]
[WhiteElo "1891"]
[BlackElo "1756"]
[Result "1-0"]
[PlyCount "79"]
[EventDate "2013.05.24"]

1. e4 e5 2. Nf3 Nc6 3. Bb5 a6 4. Ba4 Nf6 5. O-O b5 6. Bb3 Be7 7. Re1 d6 8. c3
O-O 9. h3 Re8 10. d4 h6 11. Nbd2 Bf8 12. Bc2 Bb7 13. Nf1 Qd7 14. a4 Na7 15. d5
c5 16. dxc6 Bxc6 17. Ng3 g6 18. Be3 bxa4 19. Bxa4 Bxa4 20. Qxa4 Nc6 21. Red1
Qb7 22. Nd2 Qb5 23. Nc4 Reb8 24. Qxb5 Rxb5 25. b4 Ne8 26. Rd2 f5 27. exf5 gxf5
28. Nxf5 d5 29. Na3 Rb7 30. Rxd5 Nf6 31. Rd3 Kh7 32. Nc4 Kg6 33. Nfd6 Rd7 34.
b5 e4 35. Rd2 Nd8 36. bxa6 Rc7 37. Nb6 Raa7 38. Nbc8 Ra8 39. Nb6 Raa7 40. Nb5
1-0

[Event "C.to Regionale Lombardia"]
[Site "Saronno ITA"]
[Date "2013.05.25"]
[Round "2"]
[White "Lapiccirella, Daniele"]
[Black "Megna, Giuseppe"]
[WhiteElo "2211"]
[BlackElo "1846"]
[Result "1/2-1/2"]
[PlyCount "41"]
[EventDate "2013.05.24"]

1. d4 f5 2. Nf3 Nf6 3. c4 e6 4. e3 c6 5. Be2 d5 6. O-O Bd6 7. b3 Qe7 8. Bb2 b6
9. Qc1 O-O 10. Ba3 c5 11. cxd5 exd5 12. Nc3 Nbd7 13. Rd1 Bb7 14. dxc5 bxc5 15.
Nb5 Bb8 16. Nbd4 Ne4 17. Bb5 Ne5 18. Qc2 Bd6 19. Nxe5 Qxe5 20. Nf3 Qe7 21. Bd3
1/2-1/2

[Event "C.to Regionale Lombardia"]
[Site "Saronno ITA"]
[Date "2013.05.25"]
[Round "2"]
[White "Mazzoccoli, Simone"]
[Black "Pozzi, Luca"]
[WhiteElo "1753"]
[BlackElo "1467"]
[Result "1-0"]
[PlyCount "89"]
[EventDate "2013.05.24"]

1. e4 c5 2. Nc3 Nc6 3. g3 g6 4. Bg2 Bg7 5. d3 e6 6. Nge2 Nge7 7. O-O O-O 8. Bg5
h6 9. Be3 b6 10. Qd2 Kh7 11. d4 cxd4 12. Nxd4 Bb7 13. Rad1 Ne5 14. Nf3 Nc4 15.
Qxd7 Nxe3 16. fxe3 Bc6 17. Qxd8 Raxd8 18. Nd4 Bb7 19. Ndb5 Kg8 20. Rxd8 Rxd8
21. Rd1 Rxd1+ 22. Nxd1 Ba6 23. Nxa7 Be2 24. Nc3 Bxc3 25. bxc3 Bd1 26. Kf2 Bxc2
27. Ke2 Kg7 28. Kd2 Ba4 29. Kd3 Kf6 30. Kd4 e5+ 31. Kc4 Bd7 32. Kb4 Nc6+ 33.
Nxc6 Bxc6 34. c4 Ke6 35. c5 bxc5+ 36. Kxc5 Be8 37. Kb4 Kd6 38. a4 Kc6 39. a5 f6
40. Bf1 Bf7 41. Bc4 Bxc4 42. Kxc4 g5 43. g4 Kb7 44. Kb5 Ka7 45. a6 1-0

[Event "C.to Regionale Lombardia"]
[Site "Saronno ITA"]
[Date "2013.05.25"]
[Round "2"]
[White "Moroni, Luca Jr"]
[Black "Marcantognini, Denis"]
[WhiteElo "2184"]
[BlackElo "1407"]
[Result "1-0"]
[PlyCount "71"]
[EventDate "2013.05.24"]

1. e4 c5 2. Nf3 Nc6 3. d4 cxd4 4. Nxd4 e6 5. Nc3 Nge7 6. Be3 a6 7. Be2 g6 8.
O-O Bg7 9. Qd2 O-O 10. f4 Re8 11. Rad1 b5 12. a3 Bb7 13. Bf3 Rb8 14. Nde2 d5
15. exd5 exd5 16. Bc5 Qd7 17. Rfe1 Na5 18. b3 Qc7 19. Bd4 Rbd8 20. Bxg7 Kxg7
21. Nd4 Nac6 22. Nxc6 Qxc6 23. Qd4+ Kg8 24. g4 a5 25. Re3 Qd6 26. Nxb5 Qd7 27.
Rde1 Qxb5 28. Rxe7 Rxe7 29. Rxe7 Ba6 30. Be2 Qc6 31. Bxa6 Qxa6 32. h4 Qd6 33.
Re2 Qxa3 34. h5 gxh5 35. gxh5 Kf8 36. Qh8# 1-0